<?xml version="1.0" encoding="UTF-8"?><?xml-stylesheet type="text/xsl" href="static/style.xsl"?><OAI-PMH xmlns="http://www.openarchives.org/OAI/2.0/" xmlns:xsi="http://www.w3.org/2001/XMLSchema-instance" xsi:schemaLocation="http://www.openarchives.org/OAI/2.0/ http://www.openarchives.org/OAI/2.0/OAI-PMH.xsd"><responseDate>2026-05-15T03:37:08Z</responseDate><request verb="GetRecord" identifier="oai:riubu.ubu.es:10259/11615" metadataPrefix="marc">https://riubu.ubu.es/oai/request</request><GetRecord><record><header><identifier>oai:riubu.ubu.es:10259/11615</identifier><datestamp>2026-05-14T12:06:58Z</datestamp><setSpec>com_10259_8983</setSpec><setSpec>com_10259_5086</setSpec><setSpec>com_10259_2604</setSpec><setSpec>col_10259_8984</setSpec></header><metadata><record xmlns="http://www.loc.gov/MARC21/slim" xmlns:doc="http://www.lyncode.com/xoai" xmlns:xsi="http://www.w3.org/2001/XMLSchema-instance" xmlns:dcterms="http://purl.org/dc/terms/" xsi:schemaLocation="http://www.loc.gov/MARC21/slim http://www.loc.gov/standards/marcxml/schema/MARC21slim.xsd">
<leader>00925njm 22002777a 4500</leader>
<datafield tag="042" ind1=" " ind2=" ">
<subfield code="a">dc</subfield>
</datafield>
<datafield tag="720" ind1=" " ind2=" ">
<subfield code="a">Bayona Blanco, Eduardo</subfield>
<subfield code="e">author</subfield>
</datafield>
<datafield tag="720" ind1=" " ind2=" ">
<subfield code="a">Sierra Garcia, Jesús Enrique</subfield>
<subfield code="e">author</subfield>
</datafield>
<datafield tag="720" ind1=" " ind2=" ">
<subfield code="a">Santos Peñas, Matilde</subfield>
<subfield code="e">author</subfield>
</datafield>
<datafield tag="260" ind1=" " ind2=" ">
<subfield code="c">2025-03</subfield>
</datafield>
<datafield tag="520" ind1=" " ind2=" ">
<subfield code="a">In the context of industrial automation, optimising automated guided vehicle (AGV) trajectories is crucial for enhancing op-erational efficiency and safety. They must travel in crowded work areas and cross narrow corridors with strict safety and timerequirements. Bio-inspired optimization algorithms have emerged as a promising approach to deal with complex optimiza-tion scenarios. Thus, this paper explores the ability of three novel bio-inspired algorithms: the Bat Algorithm (BA), the WhaleOptimization Algorithm (WOA) and the Gazelle Optimization Algorithm (GOA); to optimise the AGV path planning in complexenvironments. To do it, a new optimization strategy is described: the AGV trajectory is based on clothoid curves and a specialisedpiece-wise fitness function which prioritises safety and efficiency is designed. Simulation experiments were conducted acrossdifferent occupancy maps to evaluate the performance of each algorithm. WOA demonstrates faster optimization providingsuitable safety solutions 4 times faster than GOA. Meanwhile, GOA gives solutions with better safety metrics but demands morecomputational time. The study highlights the potential of bio-inspired approaches for AGV trajectory optimisation and suggestsavenues for future research, including hybrid algorithm development.</subfield>
</datafield>
<datafield tag="024" ind2=" " ind1="8">
<subfield code="a">0266-4720</subfield>
</datafield>
<datafield tag="024" ind2=" " ind1="8">
<subfield code="a">https://hdl.handle.net/10259/11615</subfield>
</datafield>
<datafield tag="024" ind2=" " ind1="8">
<subfield code="a">10.1111/exsy.13836</subfield>
</datafield>
<datafield tag="024" ind2=" " ind1="8">
<subfield code="a">1468-0394</subfield>
</datafield>
<datafield ind1=" " ind2=" " tag="653">
<subfield code="a">AGV</subfield>
</datafield>
<datafield ind1=" " ind2=" " tag="653">
<subfield code="a">Bio-inspired algorithms</subfield>
</datafield>
<datafield ind1=" " ind2=" " tag="653">
<subfield code="a">Industry 4.0</subfield>
</datafield>
<datafield ind1=" " ind2=" " tag="653">
<subfield code="a">Optimization</subfield>
</datafield>
<datafield ind1=" " ind2=" " tag="653">
<subfield code="a">Computer algorithms</subfield>
</datafield>
<datafield ind1=" " ind2=" " tag="653">
<subfield code="a">Algoritmos computacionales</subfield>
</datafield>
<datafield tag="245" ind1="0" ind2="0">
<subfield code="a">Improving Safety and Efficiency of Industrial Vehicles by Bio‐Inspired Algorithms</subfield>
</datafield>
</record></metadata></record></GetRecord></OAI-PMH>